| 000 | 008940am a2200277 004500 | ||
|---|---|---|---|
| 003 | EG-GiCUC | ||
| 008 | 080420s1992 ly g 000 0 ara d | ||
| 017 |
_a1992 / 1311 _bليبيا.دار الكتب الوطنية |
||
| 020 | _a9959812103 | ||
| 040 |
_aEG-GiCUC _bara _cEG-GiCUC |
||
| 041 | 1 |
_aara _heng |
|
| 043 | _ama----- | ||
| 092 | 0 | 4 |
_a306.08953 _bM2978 _221 |
| 099 |
_a04 _a306.08953 M2978 |
||
| 100 | 1 | _aالمقهور : كامل حسن | |
| 245 | 1 | 0 |
_aهيمنة القرون الاربعة و احاديث اخرى / _cكامل حسن المقهور |
| 250 | _aط1 | ||
| 260 |
_aليبيا : _bدار الرواد : _c1992 |
||
| 300 |
_a99ص ؛ _c24سم |
||
| 650 | 7 |
_aالتنمية الثقافية _zالعالم العربى _2qrmak |
|
| 902 | _a1 | ||
| 905 |
_aايمان ع _eمراجع |
||
| 905 |
_aرضا _eمدخل |
||
| 942 |
_2ddc _cBK |
||
| 999 |
_c99050 _d99050 |
||